Grzybobranie - zbierz tylko jadalne grzyby - Statystyki

Ogólne statystyki
  • Ten quiz został rozwiązany 55 razy
  • Średni wynik to 7 z 17
Answers on the Grid
Answers color-coded by a green-red scale on the quiz's grid according to % correct below.
Borowik amerykański
Gąska niekształtna
Mleczaj płowy
Zasłonak Rudy
Borowik szatański
Lejkowiec dęty
Maślak błotny
Gąska pieprzna
Maślanka wiązkowa
Opieńka miodowa
Podgrzybek brunatny
Muchomor szorstki
Sarniak sosnowy
Strzępiak ceglasty
Gołąbek winnoczerwony
Muchomor sromotnikowy
Wilgotnica czerniejąca
Mleczaj rydz
Borowik cytrynowy
Dzwonkówka torfowiskowa
Koźlarz babka
Zajączek
Pieczarka płaska
Smardz
Krowiak olszowy
Piaskowiec modrzak
Borowik szlachetny
Maślak sitarz
Gąska bukowa
Gołąbek żółciowy
Trufla biała
Muchomor alpejski
 
Statystyki odpowiedzi
Odpowiedź % Poprawnych
Borowik amerykański
61%
Borowik szlachetny
56%
Koźlarz babka
56%
Smardz
53%
Opieńka miodowa
50%
Maślak sitarz
44%
Mleczaj rydz
44%
Maślak błotny
42%
Trufla biała
42%
Podgrzybek brunatny
36%
Zajączek
36%
Gąska niekształtna
33%
Sarniak sosnowy
28%
Borowik cytrynowy
22%
Lejkowiec dęty
22%
Piaskowiec modrzak
19%
Gołąbek winnoczerwony
8%
Nie znaleziono quizów pasujących do podanych kryteriów
Rozkład punktacji
Procent ludzi z każdym wynikiem
Percentyl według liczby udzielonych odpowiedzi
Twoja historia wyników
Nie rozwiązałeś tego quizu